00421nam a2200169Ia 4500008004100000041000800041082002300049100002300072245002100095260002800116300000800144365001600152700002100168710003500189906000800224999001900232230312s9999 xx 000 0 und d aeng a006.66b006.66 SIN aSinha A.N.9169895 aCompuer Graphics c2008bTata Mc-Graw Hill a471 cRs.b450.00 aUdaiA.D.9169896 aSinha A.N. & Udai A.D.9169897 b450 c130515d130515